000 00849nam a2200229 a 4500
001 47314
003 BD-RjUL
005 20211209054308.0
008 160808s2010 bg a|||| |||| 00| 0 ben d
020 _c: TK.100.00
035 _a(BD-RjUL)47433
040 _aBD-RjUL
_bben
_cBD-RjUL
041 _aben
082 _223
_a307.772095492
_bRAB 2010
100 _aরহমান, আব্দুর
_9120538
245 1 0 _aবাংলাদেশের উপজাতি = Tribes of Bangladesh /
_cআব্দুর রহমান
260 _aরাজশাহী :
_bআবিদ মাহমুদ,
_c২০১০
300 _a৯৪ পৃ. :
_bচিএ ;
_c২২সেমি.
650 _aউপজাতির ইতিহাস
_zবাংলাদেশ
_9120539
650 _aHistory of Tribes
_zBangladesh
_9120540
942 _2ddc
_cBK
999 _c47314
_d47314